Zoo Tycoon 2 Animals - Statistics

General Stats
  • This quiz has been taken 1,470 times
    1,399 since last reset
  • The average score is 60 of 131
Answer Stats
Expansion Answer Location Biome % Correct
Extinct Animals Cave Lion Eurasia Alpine
96%
Default Content Lion Africa Savannah
95%
Default Content African Elephant Africa Savannah
92%
Downloadable Content Asian Elephant Asia Scrub
92%
Default Content Bengal Tiger Asia Tropical Rainforest
92%
Extinct Animals Dwarf Scicilian Elephant Europe Grasslands
92%
Downloadable Content Asiatic Black Bear Asia Temperate Forest
90%
Default Content Grizzly Bear North America Boreal Forest
90%
Default Content Polar Bear Arctic Tundra
90%
Extinct Animals Short-Faced Bear Eurasia Tundra
90%
Endangered Species Spectacled Bear South America Temperate Forest
90%
African Adventure Masai Giraffe Africa Savannah
83%
Default Content Reticulated Giraffe Africa Savannah
83%
Default Content Mountain Gorilla Africa Tropical Rainforest
80%
Default Content Emperor Penguin Antartica Tundra
78%
Extinct Animals? Killer Penguin Madagascar Tundra
78%
Marine Mania Rockhopper Penguin Antartica Coastal
78%
Marine Mania Beluga Arctic Tundra
77%
Default Content Black Rhinoceros Africa Savannah
77%
Endangered Species Javan Rhinoceros Asia Tropical Rainforest
77%
African Adventure White Rhinoceros Africa Scrub
77%
Extinct Animals Wooly Rhinoceros Eurasia Tundra
77%
Default Content Common Zebra Africa Savannah
76%
Default Content Nile Crocodile Africa Wetlands
76%
Default Content Hippopotamus Africa Wetlands
75%
African Adventure Pygmy Hippopotamus Africa Tropical Rainforest
75%
Default Content Chimpanzee Africa Tropical Rainforest
73%
Downloadable Content Black Leopard Africa Tropical Rainforest
72%
Marine Mania Blacktip Reef Shark Tropical Waters Reef
72%
Default Content Cheetah Africa Savannah
72%
Marine Mania Goblin Shark Many Oceans Benthic
72%
Marine Mania Scalloped Hammerhead Many Oceans Pelagic
72%
Default Content Snow Leopard Asia Alpine
72%
Marine Mania Whale Shark Many Oceans Benthic
72%
Marine Mania White Shark Many Oceans Benthic
72%
Marine Mania Bottlenose Dolphin Many Oceans Coastal
71%
African Adventure African Buffalo Africa Wetlands
70%
Endangered Species American Bison North America Grasslands
70%
African Adventure Ethiopian Wolf Africa Alpine
69%
Default Content Giant Panda Asia Temperate Forest
69%
Endangered Species Gray Wolf North America Boreal Forest
69%
Default Content Red Kangaroo Australia Scrub
69%
Default Content Red Panda Asia Temperate Forest
69%
Downloadable Content Musk Ox Arctic Tundra
66%
Default Content Jaguar South America Tropical Rainforest
64%
Default Content Dromedary Camel Africa Desert
63%
Extinct Animals Giant Camel North America Grasslands
63%
Endangered Species Fennec Fox Africa Desert
61%
Extinct Animals Bush-Antlered Deer Eurasia Temperate Forest
60%
Endangered Species Koala Australia Temperate Forest
59%
Endangered Species Orangutan Asia Tropical Rainforest
59%
Endangered Species Przewalski's Wild Horse Asia Grasslands
56%
Dino Danger Pack Tyrannosaurus Rex North America Tropical Rainforest
56%
Default Content Moose North America Boreal Forest
54%
Default Content Ring Tailed Lemur Madagascar Tropical Rainforest
54%
Endangered Species African Wild Dog Africa Savannah
53%
African Adventure Striped Hyena Africa Desert
53%
Default Content Ostrich Africa Savannah
52%
Default Content Thomson's Gazelle Africa Savannah
52%
Marine Mania Orca Arctic Tundra
50%
Marine Mania California Sea Lion Pacific Ocean Coastal
47%
Endangered Species Florida Panther North America Wetlands
46%
Default Content Greater Flamingo Africa Wetlands
46%
Marine Mania Green Sea Turtle Many Oceans Coastal
46%
Marine Mania Leatherback Sea Turtle Many Oceans Pelagic
46%
Marine Mania Pacific Walrus Pacific Ocean Tundra
43%
Endangered Species Giant Sable Antelope Africa Savannah
42%
African Adventure Wildebeest Africa Savannah
42%
African Adventure Mandrill Africa Tropical Rainforest
41%
African Adventure African Spurred Tortoise Africa Desert
39%
Default Content American Beaver North America Wetlands
39%
Extinct Animals Dodo Mauritius Tropical Rainforest
39%
Endangered Species Galapagos Giant Tortoise Central America Scrub
39%
Dino Danger Pack Triceratops North America Boreal Forest
39%
Extinct Animals Giant Ground Sloth South America Scrub
37%
Marine Mania Sea Otter Pacific Ocean Coastal
37%
Endangered Species Spanish Lynx Europe Temperate Forest
37%
Endangered Species Caribou Arctic Tundra
36%
Endangered Species Komodo Dragon Asia Scrub
36%
African Adventure Meerkat Africa Scrub
36%
Extinct Animals Deinonychus North America Tropical Rainforest
35%
Extinct Animals Utahraptor North America Boreal Forest
34%
Extinct Animals Velociraptor Asia Desert
34%
Extinct Animals Giant Warthog Africa Savannah
32%
Default Content Okapi Africa Tropical Rainforest
31%
African Adventure Warthog Africa Savannah
31%
Endangered Species Baird's Tapir Central America Tropical Rainforest
30%
Default Content Common Peafowl Asia Temperate Forest
30%
Default Content Ibex Europe Alpine
30%
Marine Mania West Indian Manatee Atlantic Ocean Coastal
29%
African Adventure Aardvark Africa Scrub
28%
Extinct Animals Stegosaurus North America Boreal Forest
28%
African Adventure Barbary Ape Africa Temperate Forest
27%
Marine Mania Manta Ray Tropical Waters Reef
26%
Marine Mania Narwhal Arctic Tundra
24%
Endangered Species Crested Gibbon Asia Tropical Rainforest
22%
Endangered Species Scimitar Horned Oryx Africa Desert
21%
Extinct Animals Saber-Toothed Cat North America Boreal Forest
20%
Endangered Species Wolverine North America Boreal Forest
19%
African Adventure Bongo Africa Tropical Rainforest
16%
African Adventure Nile Monitor Africa Wetlands
15%
African Adventure Secretary Bird Africa Grasslands
15%
Default Content Gemsbok Africa Scrub
14%
Extinct Animals Thylacine Tasmania Temperate Forest
14%
Extinct Animals American Mastodon North America Boreal Forest
13%
Extinct Animals Ankylosaurus North America Wetlands
13%
African Adventure Ratel Africa Grasslands
13%
Marine Mania Blue Marlin Many Oceans Pelagic
12%
African Adventure Caracal Africa Scrub
12%
Marine Mania False Killer Whale Many Oceans Coastal
12%
Downloadable Content Addax Africa Desert
10%
Extinct Animals Elephant Bird Madagascar Wetlands
10%
African Adventure Gerenuk Africa Scrub
10%
Endangered Species Markhor Asia Alpine
10%
Extinct Animals Aurochs Eurasia Temperate Forest
9%
Dino Danger Pack Carnotaurus South America Boreal Forest
9%
Dino Danger Pack Styracosaurus North America Tropical Rainforest
9%
Extinct Animals Bluebuck Africa Grasslands
8%
African Adventure Gelada Africa Alpine
8%
Extinct Animals Quagga Africa Savannah
8%
Extinct Animals Deinosuchus North America Tropical Rainforest
6%
Extinct Animals Dimetrodon North America Wetlands
6%
Extinct Animals Kentrosaurus Africa Wetlands
6%
Marine Mania Short-Finned Pilot Whale Many Oceans Pelagic
6%
Extinct Animals Diprotodon Australia Wetlands
5%
Extinct Animals Doedicurus South America Scrub
5%
Extinct Animals Gigantopithecus Asia Tropical Rainforest
5%
Extinct Animals Sivatherium Africa Savannah
5%
Extinct Animals Warrah South America Grasslands
5%
Extinct Animals Protarchaeopteryx Asia Wetlands
4%
Extinct Animals Stokesosaurus North America Boreal Forest
4%
No matching quizzes found
Score Distribution
Percent of People with Each Score
Percentile by Number Answered
Your Score History
You have not taken this quiz since the last reset